000
00278nam a22001217a 4500
020
_a
0-201-00359-7
082
_a
536.23 ARP'C
100
_a
ARPACR, V. S
_9
78678
245
_a
CONDUCTION HEAT TRANSFER
260
_a
LONDON
_b
ADDISON WESLEY
_c
1966
300
_a
550P
942
_c
BK
999
_c
583782
_d
583782